000 00254nam a2200097Ia 4500
001 1300754
005 20260420095910.0
008 260420s9999 xx 000 0 und d
245 0 _aMEYVELERİ KİM YEMİŞ
_cFERİDUN ORAL
260 _bYAPI KREDİ YAYINLARI
999 _c1300754
_d1300754